000 01627cam a22002294a 4500
005 20250605163951.0
008 250528s ||||||||||||||||||||||||d
035 _a15372
020 _a155720112
040 _aGR-AtMCL
_bgre
_dGR-AtMCL
_eAACR2
245 1 _aProfessional Development / The Dynamic of Success: Forth Edition
250 _a4th
260 _bHarcourt Brace Jovanovich, Publishers,
_c1991
300 _a470
505 0 _aPreface, Starting Out Right, The jJob Campaign, The Interview, Projecting Your Image, The Look of Success, Personal and Professional Poise, Planning and Buying a Wardrobe, Maintaining Good Health, Working with Others, Communicating: The Lifeline of Business, Personal Effectiveness, Group Dynamics, Personal Values and Business Ethics, Planning for Success, Set your Goals and Manage Your Time, Courtesy and Common Sense, When you Travel, Managing Your Money, Moving Up the Ladder, Taking Charge, Management as a Career.
520 _aPreface, Starting Out Right, The jJob Campaign, The Interview, Projecting Your Image, The Look of Success, Personal and Professional Poise, Planning and Buying a Wardrobe, Maintaining Good Health, Working with Others, Communicating: The Lifeline of Business, Personal Effectiveness, Group Dynamics, Personal Values and Business Ethics, Planning for Success, Set your Goals and Manage Your Time, Courtesy and Common Sense, When you Travel, Managing Your Money, Moving Up the Ladder, Taking Charge, Management as a Career.
700 1 _aCrosswait Bruce C
_91278
700 1 _aWilkes Mary
_91279
942 _cBK
999 _c958
_d958